Statistiques concernant 3 plus grandes villes par Länder d'Allemagne

Cliquez ici pour prendre le quiz!

Statistiques générales

  • Ce quiz a été pris 95 fois
  • Le résultat moyen est 18 sur 43

Statistiques - réponses

LänderVillePopulation
(en milliers)
% Correct
BerlinBerlin3 520
96%
HambourgHambourg1 787
95%
BavièreMunich1 450
95%
BrêmeBrême557
85%
Rhénanie du Nord
Westphalie
Cologne1 060
85%
Bade WurtembergStuttgart623
85%
HesseFrancfort sur le Main732
82%
Dortmund586
78%
Düsseldorf612
78%
SaxeLeipzig560
78%
Nuremberg509
72%
Dresde543
69%
Basse SaxeHanovre532
69%
SarreSarrebruck178
65%
Schleswig HolsteinKiel246
62%
Mannheim305
54%
Rhénanie PalatinatMayence209
53%
BrandebourgPotsdam167
51%
Augsbourg286
50%
Mecklembourg
Poméranie Occidentale
Rostock206
45%
Karlsruhe307
40%
ThuringeErfurt210
33%
Lübeck216
31%
Magdebourg235
27%
Iéna109
24%
Trèves114
23%
Wiesbaden276
22%
Brandebourg sur la Havel71
21%
Bremerhaven114
19%
Saxe AnhaltHalle236
19%
Chemnitz248
17%
Schwerin95
17%
Brunswick251
15%
Ludwigshafen164
13%
Cassel197
10%
Flensbourg88
10%
Cottbus102
9%
Gera99
5%
Hombourg41
5%
Oldenbourg163
5%
Neubrandenbourg65
3%
Neunkirchen46
3%
Dressau Rosslau86
0%

Distribution des résultats

Percentile par nombre de réponses

% des personnes avec chaque résultat

Votre développement - résultats

Vous n’avez pas pris ce quiz